KOHA-Header-6

Introduction to Probability and Statistics (Record no. 6819)

000 -LEADER
fixed length control field 00263nam a2200109Ia 4500
100 ## - MAIN ENTRY--AUTHOR NAME
Personal name Milton,J.S.
245 #0 - TITLE STATEMENT
Title Introduction to Probability and Statistics
260 ## - PUBLICATION, DISTRIBUTION, ETC. (IMPRINT)
Place of publication USA
Name of publisher CRC
Year of publication 1995
300 ## - PHYSICAL DESCRIPTION
Number of Pages 811
942 ## - ADDED ENTRY ELEMENTS (KOHA)
Koha item type Books
Holdings
Withdrawn status Lost status Collection code Permanent Location Current Location Shelving location Date acquired Full call number Accession Number Koha item type
    Statistics MAJU MAJU Shelf No.A27 2019-09-11 515.35 292 Statistics

Powered by Koha